LEADER 01174nam0-22004091--450- 001 990005454370403321 005 20060608164107.0 035 $a000545437 035 $aFED01000545437 035 $a(Aleph)000545437FED01 035 $a000545437 100 $a19990604d1967----km-y0itay50------ba 101 0 $aita 102 $aIT 105 $ay-------001yy 200 1 $a<>democrazia industriale in Germania$econgestione e collaborazione aziendale$fCarlo Mongardini 210 $aNapoli$cMorano$dc1967 215 $a129 p.$d24 cm 225 1 $aNobiltà dello spirito$v9 676 $a331.0112$v21$zita 676 $a320.01$v20$zita 700 1$aMongardini,$bCarlo$f<1938- >$0119245 801 0$aIT$bUNINA$gRICA$2UNIMARC 901 $aBK 912 $a990005454370403321 952 $aXI G M 34$b3695$fDFD 952 $a331.011 MON 1$bST.MED.MOD. 9172$fFLFBC 952 $aA-VI-15$b608 dip.$fDDRC 952 $aCOLLEZ. 57 (9)$b26306$fFSPBC 952 $aXI Q 42 (9)$b83535$fFGBC 959 $aFLFBC 959 $aDDRC 959 $aFSPBC 959 $aFGBC 959 $aDFD 996 $aDemocrazia industriale in Germania$9592137 997 $aUNINA LEADER 03606nam 2200685Ia 450 001 9910460438003321 005 20200520144314.0 010 $a1-283-27760-3 010 $a9786613277602 010 $a0-520-94837-8 024 7 $a10.1525/9780520948372 035 $a(CKB)2670000000066766 035 $a(EBL)631055 035 $a(OCoLC)700701927 035 $a(SSID)ssj0000469333 035 $a(PQKBManifestationID)11335254 035 $a(PQKBTitleCode)TC0000469333 035 $a(PQKBWorkID)10510976 035 $a(PQKB)11068996 035 $a(StDuBDS)EDZ0000055898 035 $a(MiAaPQ)EBC631055 035 $a(DE-B1597)518904 035 $a(OCoLC)703158788 035 $a(DE-B1597)9780520948372 035 $a(Au-PeEL)EBL631055 035 $a(CaPaEBR)ebr10440615 035 $a(CaONFJC)MIL327760 035 $a(EXLCZ)992670000000066766 100 $a20100521d2011 ub 0 101 0 $aeng 135 $aur|n|---||||| 181 $ctxt 182 $cc 183 $acr 200 12$aA free will$b[electronic resource] $eorigins of the notion in ancient thought /$fedited by A.A. Long ; with a foreword by David Sedley 210 $aBerkeley $cUniversity of California Press$dc2011 215 $a1 online resource (223 p.) 225 1 $aSather classical lectures ;$vv. 68 300 $a"An edited version of the six lectures Michael Frede delivered as the 84th Sather Professor of Classical Literature at the University of California, Berkeley, in the Fall semester of 1997/98"--Pref. 311 $a0-520-27266-8 311 $a0-520-26848-2 320 $aIncludes bibliographical references and index. 327 $tFrontmatter -- $tContents -- $tForeword -- $tEditor's Preface -- $tChapter One. Introduction -- $tChapter Two. Aristotle on Choice without a Will -- $tChapter Three. The Emergence of a Notion of Will in Stoicism -- $tChapter Four. Later Platonist and Peripatetic Contributions -- $tChapter Five. The Emergence of a Notion of a Free Will in Stoicism -- $tchapter Six. Platonist and Peripatetic Criticisms and Responses -- $tChapter Seven An Early Christian View on a Free Will: Origen -- $tChapter Eight. Reactions to the Stoic Notion of a Free Will: Plotinus -- $tChapter Nine. Augustine: A Radically New Notion of a Free Will ? -- $tChapter Ten. Conclusion -- $tAbbreviations -- $tNotes -- $tBibliography -- $tIndex 330 $aWhere does the notion of free will come from? How and when did it develop, and what did that development involve? In Michael Frede's radically new account of the history of this idea, the notion of a free will emerged from powerful assumptions about the relation between divine providence, correctness of individual choice, and self-enslavement due to incorrect choice. Anchoring his discussion in Stoicism, Frede begins with Aristotle--who, he argues, had no notion of a free will--and ends with Augustine. Frede shows that Augustine, far from originating the idea (as is often claimed), derived most of his thinking about it from the Stoicism developed by Epictetus. 410 0$aSather classical lectures ;$vv. 68. 606 $aFree will and determinism$xHistory 606 $aPhilosophy, Ancient 608 $aElectronic books. 615 0$aFree will and determinism$xHistory. 615 0$aPhilosophy, Ancient. 676 $a123/.5093 700 $aFrede$b Michael$0169604 701 $aLong$b A. A$0160807 801 0$bMiAaPQ 801 1$bMiAaPQ 801 2$bMiAaPQ 906 $aBOOK 912 $a9910460438003321 996 $aA free will$92484602 997 $aUNINA LEADER 00957nam 2200325 450 001 9910133943103321 005 20180321122522.0 010 $a1-84919-316-9 035 $a(CKB)3360000000010070 035 $a(WaSeSS)IndRDA00095955 035 $a(EXLCZ)993360000000010070 100 $a20180321d2011 || | 101 0 $aeng 135 $aur||||||||||| 181 $ctxt$2rdacontent 182 $cc$2rdamedia 183 $acr$2rdacarrier 200 10$aAFTC 2010 $e6th Advanced Forum on Transportation of China : 16 October 2010 210 1$aStevenage, England :$cIET,$d2011. 215 $a1 online resource (250 pages) 606 $aTransportation$zChina$vCongresses 606 $aTransportation engineering$zChina$vCongresses 615 0$aTransportation 615 0$aTransportation engineering 801 0$bWaSeSS 801 1$bWaSeSS 906 $aBOOK 912 $a9910133943103321 996 $aAFTC 2010$92496150 997 $aUNINA